IMF Survey, Volume 31, Issue 20.

The IMF has added its voice to the debate over the euro area's Stability and Growth Pact (SGP), urging the three largest countries-France, Germany, and Italy-to rein in their fiscal deficits. It also trimmed its economic growth forecasts for the 12-nation monetary union and urged the European C...

全面介紹

書目詳細資料
企業作者: International Monetary Fund. External Relations Dept
格式: 雜誌
語言:English
出版: Washington, D.C. : International Monetary Fund, 2002.
叢編:IMF Survey; IMF Survey ; No. 0031/020
在線閱讀:Full text available on IMF
LEADER 01371cas a2200241 a 4500
001 AALejournalIMF010354
008 230101c9999 xx r poo 0 0eng d
020 |c 5.00 USD 
020 |z 9781451926729 
022 |a 0047-083X 
040 |a BD-DhAAL  |c BD-DhAAL 
110 2 |a International Monetary Fund.  |b External Relations Dept. 
245 1 0 |a IMF Survey, Volume 31, Issue 20. 
264 1 |a Washington, D.C. :  |b International Monetary Fund,  |c 2002. 
300 |a 1 online resource (16 pages) 
490 1 |a IMF Survey 
500 |a <strong>Off-Campus Access:</strong> No User ID or Password Required 
500 |a <strong>On-Campus Access:</strong> No User ID or Password Required 
506 |a Electronic access restricted to authorized BRAC University faculty, staff and students 
520 3 |a The IMF has added its voice to the debate over the euro area's Stability and Growth Pact (SGP), urging the three largest countries-France, Germany, and Italy-to rein in their fiscal deficits. It also trimmed its economic growth forecasts for the 12-nation monetary union and urged the European Central Bank (ECB) to adopt a bias toward lowering interest rates. 
538 |a Mode of access: Internet 
830 0 |a IMF Survey; IMF Survey ;  |v No. 0031/020 
856 4 0 |z Full text available on IMF  |u http://elibrary.imf.org/view/journals/023/0031/020/023.0031.issue-020-en.xml  |z IMF e-Library